| 000 | 00618nam a2200205Ia 4500 | ||
|---|---|---|---|
| 001 | b4400-28080 [5606] | ||
| 003 | IT-MiCISF | ||
| 008 | 161014s9999||||xx |||||||||||||| ||und|| | ||
| 040 |
_aIT-MiCISF _cIT-MiCISF |
||
| 041 | _ait | ||
| 100 | _aColombo Kapsa Maurizio (a cura di) | ||
| 245 | 0 | _aL'insegnamento della Chiesa sulla sessualità | |
| 250 | _a1a ed. | ||
| 260 |
_aBologna _bEdizioni Studio Domenicano _c1998 |
||
| 300 | _app. 157 | ||
| 500 | _a / chiesa, magistero, morale-sessuale, famiglia, procreazione-artificiale / | ||
| 650 | _apastorale-familiare | ||
| 942 | _cBK | ||
| 957 | _71 | ||
| 999 |
_a28080 _bsi _g1 _c212868 _d212868 |
||